| 000 | 00774nam a2200229 u 4500 | ||
|---|---|---|---|
| 005 | 20240703063809.0 | ||
| 008 | 080922s2005 ag r 000 0 spa d | ||
| 020 | _a9875381330 | ||
| 035 | _aUPN01000160034 | ||
| 049 | _aCG | ||
| 050 | 4 |
_aLB3405 _bP5.7 |
|
| 100 | 1 |
_aPinchuk, Diana _941505 |
|
| 245 | 1 | 0 |
_aSalud bucodental : _bun paseo por la boca : propuestas didácticas para niños de 3 a 8 años / _cDiana Pinchuk, Inés García Díaz, Rut Merenlender. |
| 260 |
_aBuenos Aires : _bNovedades Educativas, _c2005. |
||
| 300 |
_a78 p. : _bil. |
||
| 440 | 0 | _aSalud y educación | |
| 650 | 4 |
_aHigiene escolar _915543 |
|
| 650 | 4 |
_aDIENTES - _xCUIDADO E HIGIENE _914048 |
|
| 700 | 1 |
_aGarcía Díaz, Inés, _ecoaut. |
|
| 700 | 1 |
_aMerenlender, Rut, _ecoaut. |
|
| 905 | _aLibro | ||
| 999 |
_c132148 _d132148 |
||